<?xml version="1.0" encoding="UTF-8"?><?xml-stylesheet type="text/xsl" href="static/style.xsl"?><OAI-PMH xmlns="http://www.openarchives.org/OAI/2.0/" xmlns:xsi="http://www.w3.org/2001/XMLSchema-instance" xsi:schemaLocation="http://www.openarchives.org/OAI/2.0/ http://www.openarchives.org/OAI/2.0/OAI-PMH.xsd"><responseDate>2026-04-27T01:59:27Z</responseDate><request verb="GetRecord" identifier="oai:repisalud.isciii.es:20.500.12105/27229" metadataPrefix="marc">https://repisalud.isciii.es/rest/oai/request</request><GetRecord><record><header><identifier>oai:repisalud.isciii.es:20.500.12105/27229</identifier><datestamp>2026-02-14T01:17:53Z</datestamp><setSpec>com_20.500.12105_2405</setSpec><setSpec>com_20.500.12105_2403</setSpec><setSpec>col_20.500.12105_2409</setSpec></header><metadata><record xmlns="http://www.loc.gov/MARC21/slim" xmlns:dcterms="http://purl.org/dc/terms/" xmlns:doc="http://www.lyncode.com/xoai" xmlns:xsi="http://www.w3.org/2001/XMLSchema-instance" xsi:schemaLocation="http://www.loc.gov/MARC21/slim http://www.loc.gov/standards/marcxml/schema/MARC21slim.xsd">
   <leader>00925njm 22002777a 4500</leader>
   <datafield ind2=" " ind1=" " tag="042">
      <subfield code="a">dc</subfield>
   </datafield>
   <datafield ind2=" " ind1=" " tag="720">
      <subfield code="a">Instituto de Salud Carlos III. Centro Nacional de Microbiología.</subfield>
      <subfield code="e">author</subfield>
   </datafield>
   <datafield ind2=" " ind1=" " tag="260">
      <subfield code="c">2025-12</subfield>
   </datafield>
   <datafield ind2=" " ind1=" " tag="520">
      <subfield code="a">El Centro Nacional de Microbiología (CNM), del Instituto de Salud Carlos III, además de su labor investigadora, desempeña un papel clave en los Planes Nacionales de Salud Pública, tanto en la respuesta a problemas sanitarios emergentes como en los Planes de Erradicación de enfermedades como la rabia, el sarampión o las enfermedades desatendidas, entre ellas, la enfermedad de Chagas o la leishmaniasis. Además, presta apoyo científico y técnico al Sistema Nacional de Salud en la vigilancia, el control y la prevención de enfermedades infecciosas. Sus Programas de Vigilancia Microbiológica abarcan desde la detección rápida de infecciones emergentes y la identificación de variantes, hasta la caracterización de brotes epidémicos, en estrecha coordinación con el Centro Europeo para la Prevención y Control de Enfermedades (ECDC). En los últimos años, el CNM ha consolidado la vigilancia genómica como una herramienta prioritaria para el control de las enfermedades infecciosas. Esta estrategia se aplica no solo al seguimiento de variantes del SARS-CoV-2, sino también a la detección y caracterización de bacterias multirresistentes en el ámbito hospitalario y al estudio de brotes de sarampión, tuberculosis y de infecciones transmitidas por agua y alimentos, entre otras. Este enfoque innovador está transformando la manera en que se realiza la vigilancia microbiológica en España y permitirá, en un futuro próximo, intervenciones más tempranas, precisas y efectivas. Esta obra es una nueva edición actualizada de las actividades desarrolladas dentro de los Programas de Vigilancia Microbiológica del CNM. Su lectura ofrece una panorámica completa de los principales agentes infecciosos y de las amenazas que más preocupan a la salud pública. Además, aspira a tener continuidad en futuras ediciones, permitiendo analizar tendencias a lo largo del tiempo y en distintas regiones. Como continuación de la edición anterior, esta nueva versión mantiene y amplía el capítulo dedicado al Grupo de Respuesta Rápida del CNM, operativo de forma ininterrumpida desde 2014. Dicho equipo trabaja las 24 horas del día, los 365 días del año, proporcionando apoyo inmediato ante alertas sanitarias nacionales e internacionales, y constituye uno de los elementos clave en la capacidad de respuesta del Centro frente a amenazas emergentes. Estar preparados ante una amenaza infecciosa exige planificación, coordinación y una infraestructura sólida que integre investigación, vigilancia y cooperación internacional. Generar y analizar datos microbiológicos de alta calidad, en especial mediante tecnologías genómicas, será clave para reducir el impacto sanitario y económico de estas enfermedades. En este contexto, la labor del CNM no es solo técnica, sino estratégica y constituye una red de conocimiento, compromiso y servicio público, que protege cada día la salud de todos.</subfield>
   </datafield>
   <datafield ind1="8" ind2=" " tag="024">
      <subfield code="a">Los editores de este informe han sido: Juan Emilio Echevarría Mayo, Jesús Oteo Iglesias, Isabel Jado García, José Miguel Rubio Muñoz</subfield>
   </datafield>
   <datafield ind1="8" ind2=" " tag="024">
      <subfield code="a">https://hdl.handle.net/20.500.12105/27229</subfield>
   </datafield>
   <datafield ind1="8" ind2=" " tag="024">
      <subfield code="a">156250511</subfield>
   </datafield>
   <datafield tag="653" ind2=" " ind1=" ">
      <subfield code="a">Vigilancia microbiológica</subfield>
   </datafield>
   <datafield tag="653" ind2=" " ind1=" ">
      <subfield code="a">enfermedades infecciosas</subfield>
   </datafield>
   <datafield tag="653" ind2=" " ind1=" ">
      <subfield code="a">Centro Nacional de Microbiología</subfield>
   </datafield>
   <datafield tag="653" ind2=" " ind1=" ">
      <subfield code="a">2023-2024</subfield>
   </datafield>
   <datafield tag="653" ind2=" " ind1=" ">
      <subfield code="a">España</subfield>
   </datafield>
   <datafield ind2="0" ind1="0" tag="245">
      <subfield code="a">Programas de Vigilancia Microbiológica del Centro Nacional de Microbiología. Volumen 3. 2023-2024</subfield>
   </datafield>
</record></metadata></record></GetRecord></OAI-PMH>